[Event "SRB-chT2 East"]
[Site "Vrnjacka Banja"]
[Date "2015.10.09"]
[Round "8.25"]
[White "Ivic, Matija"]
[Black "Savic, Nebojsa"]
[Result "1-0"]
[WhiteElo "2172"]
[BlackElo "2045"]
[PlyCount "90"]
[EventDate "2015.08.28"]
[EventType "team-tourn"]
[EventRounds "11"]
[EventCountry "SRB"]
[SourceTitle "EXT 2022"]
[Source "ChessBase"]
[SourceDate "2021.10.06"]
[SourceVersion "1"]
[SourceVersionDate "2021.10.06"]
[SourceQuality "1"]

1. d4 Nf6 2. c4 g6 3. Nc3 Bg7 4. e4 d6 5. f4 0-0 6. Nf3 e6 7. Be2 Nbd7 8. 0-0 b6 9. e5 Ne8 10. h4 Bb7 11. h5 c5 12. hxg6 hxg6 13. d5 exd5 14. e6 fxe6 15. cxd5 e5 16. Ng5 exf4 17. Ne6 Bd4+ 18. Nxd4 cxd4 19. Qxd4 g5 20. g3 Nef6 21. gxf4 g4 22. Bd2 Kf7 23. Ne4 Bxd5 24. Nxd6+ Kg7 25. Bc3 Bc6 26. Nf5+ Kg6 27. Ng3 Nc5 28. f5+ Kh7 29. Qf2 Bd5 30. Rfd1 Ncd7 31. Rxd5 Nxd5 32. Qh2+ Kg8 33. Qh8+ Kf7 34. Qg7+ Ke8 35. Bb5 Qe7 36. Re1 Ne3 37. Qd4 Qh7 38. Rxe3+ Kd8 39. Rd3 Rf7 40. Bc4 Re7 41. f6 Rf7 42. Bxf7 Qxf7 43. Qd5 Qxd5 44. Rxd5 Kc7 45. f7 Kc6 1-0

[Event "SRB-chT2 South"]
[Site "Nis"]
[Date "2013.10.20"]
[Round "6.1"]
[White "Ristic, Boban"]
[Black "Savic, Nebojsa"]
[Result "1/2-1/2"]
[WhiteElo "2066"]
[BlackElo "2071"]
[PlyCount "83"]
[EventDate "2013.10.17"]
[EventType "team-swiss"]
[EventRounds "8"]
[EventCountry "SRB"]
[SourceTitle "EXT 2015"]
[Source "ChessBase"]
[SourceDate "2014.11.20"]
[SourceVersion "1"]
[SourceVersionDate "2014.11.20"]
[SourceQuality "1"]

1. d4 Nf6 2. Nf3 g6 3. c3 Bg7 4. Bf4 0-0 5. e3 d6 6. h3 b6 7. Bc4 Bb7 8. Nbd2 Nbd7 9. 0-0 Rc8 10. a4 Rb8 11. Qc2 e6 12. e4 Nxe4 13. Nxe4 d5 14. Bd3 dxe4 15. Bxe4 Bxe4 16. Qxe4 Nf6 17. Qe2 a5 18. Bg5 Qd5 19. Qe5 Ne4 20. Qxd5 exd5 21. Bf4 Rbc8 22. Nd2 f5 23. f3 Nxd2 24. Bxd2 Rfe8 25. Rfe1 c5 26. dxc5 bxc5 27. Kf1 Kf7 28. Rxe8 Rxe8 29. Re1 Rb8 30. Rb1 Rb3 31. Ke2 c4 32. Kd1 Be5 33. Kc2 f4 34. Re1 Kf6 35. Re2 Kf5 36. Be1 g5 37. Bf2 h5 38. Bc5 Rb8 39. Rd2 Ke6 40. Re2 Kf5 41. Rd2 Ke6 42. Re2 1/2-1/2

[Event "SRB-chT2 South"]
[Site "Nis"]
[Date "2013.10.17"]
[Round "1.5"]
[White "Savic, Nebojsa"]
[Black "Babic, Bosko"]
[Result "1/2-1/2"]
[WhiteElo "2071"]
[BlackElo "2033"]
[PlyCount "35"]
[EventDate "2013.10.17"]
[EventType "team-swiss"]
[EventRounds "8"]
[EventCountry "SRB"]
[SourceTitle "EXT 2014"]
[Source "ChessBase"]
[SourceDate "2013.11.20"]
[SourceVersion "1"]
[SourceVersionDate "2013.11.20"]
[SourceQuality "1"]

1. e4 c6 2. Nc3 g6 3. Bc4 Nf6 4. e5 Nh5 5. d4 e6 6. Nf3 d5 7. Bb3 Nd7 8. Ne2 c5 9. c3 cxd4 10. cxd4 Bb4+ 11. Nc3 b6 12. 0-0 Ng7 13. Bf4 Ba6 14. Re1 0-0 15. Rc1 Re8 16. a3 Be7 17. Qd2 Rc8 18. Ng5 1/2-1/2

[Event "Nis op"]
[Site "Nis"]
[Date "2012.03.18"]
[Round "9"]
[White "Miljkovic, Mihajlo"]
[Black "Savic, Nebojsa"]
[Result "1-0"]
[WhiteElo "2274"]
[BlackElo "2073"]
[PlyCount "97"]
[EventDate "2012.03.11"]
[EventType "swiss"]
[EventRounds "9"]
[EventCountry "SRB"]
[SourceTitle "CBM 147 Extra"]
[Source "ChessBase"]
[SourceDate "2012.04.24"]
[SourceVersion "1"]
[SourceVersionDate "2012.04.24"]
[SourceQuality "1"]

1. d4 Nf6 2. c4 c6 3. Nf3 g6 4. Nc3 Bg7 5. e4 0-0 6. Be2 d6 7. h3 Qc7 8. 0-0 Nbd7 9. Re1 e5 10. Bf1 a5 11. Be3 Re8 12. d5 c5 13. Nb5 Qb8 14. Bd3 h6 15. Qd2 Kh7 16. Nh2 Nf8 17. f4 Nh5 18. fxe5 Rxe5 19. Rf1 Re7 20. Rf3 Nd7 21. Ng4 Ne5 22. Nxe5 Bxe5 23. Bxh6 Bd7 24. Nc3 f6 25. Be3 Ng7 26. Bf4 Ne8 27. Bxe5 Rxe5 28. Raf1 Kg7 29. a4 Qd8 30. b3 b6 31. Qf2 Ra7 32. Rf4 Qe7 33. Nb1 Rh5 34. Nd2 g5 35. Rf3 Bc8 36. Rg3 Kh8 37. Re3 g4 38. Be2 Qh7 39. Qf4 Rg7 40. Rg3 Rh4 41. Bxg4 Bxg4 42. Rxg4 Rgxg4 43. hxg4 Qg6 44. Qf5 Qxg4 45. Qxg4 Rxg4 46. Kf2 Ng7 47. Kf3 f5 48. exf5 Rd4 49. Ke3 1-0

[Event "Nis op"]
[Site "Nis"]
[Date "2012.03.17"]
[Round "7"]
[White "Necevski, Alesandar"]
[Black "Savic, Nebojsa"]
[Result "1-0"]
[WhiteElo "2289"]
[BlackElo "2073"]
[PlyCount "117"]
[EventDate "2012.03.11"]
[EventType "swiss"]
[EventRounds "9"]
[EventCountry "SRB"]
[SourceTitle "CBM 147 Extra"]
[Source "ChessBase"]
[SourceDate "2012.04.24"]
[SourceVersion "1"]
[SourceVersionDate "2012.04.24"]
[SourceQuality "1"]

1. d4 Nf6 2. Nc3 d5 3. Bg5 Bf5 4. e3 Nbd7 5. Nf3 h6 6. Bh4 a6 7. Bd3 Bxd3 8. Qxd3 Qc8 9. Ne5 e6 10. e4 c6 11. 0-0 Nxe5 12. dxe5 Nd7 13. f4 d4 14. Ne2 c5 15. c4 Qc6 16. Bg3 g5 17. f5 Rh7 18. Qf3 0-0-0 19. Nc1 h5 20. Nd3 g4 21. Qe2 Bh6 22. Bf4 Bxf4 23. Rxf4 Qc7 24. Raf1 Nxe5 25. Nxe5 Qxe5 26. Qd3 Kb8 27. a3 Qc7 28. fxe6 fxe6 29. b4 Qb6 30. Rb1 e5 31. Rf5 Re8 32. Qf1 cxb4 33. axb4 d3+ 34. Qf2 Qxf2+ 35. Kxf2 Rd7 36. Ke3 d2 37. Rd1 h4 38. Rxd2 Rxd2 39. Kxd2 h3 40. gxh3 gxh3 41. Kc3 Rg8 42. Rh5 Rg1 43. Rxh3 Rc1+ 44. Kb3 Rb1+ 45. Ka3 Re1 46. Rh4 Kc7 47. Rg4 Re3+ 48. Ka4 Kc6 49. c5 b5+ 50. cxb6 Kxb6 51. h4 Kc6 52. h5 Rh3 53. Rg6+ Kb7 54. h6 Rh4 55. Rg7+ Kb6 56. h7 a5 57. bxa5+ Kc5 58. a6 Rxe4+ 59. Ka3 1-0

[Event "Nis op"]
[Site "Nis"]
[Date "2012.03.15"]
[Round "5"]
[White "Stojadinovic, Tomislav"]
[Black "Savic, Nebojsa"]
[Result "0-1"]
[WhiteElo "1890"]
[BlackElo "2073"]
[PlyCount "76"]
[EventDate "2012.03.11"]
[EventType "swiss"]
[EventRounds "9"]
[EventCountry "SRB"]
[SourceTitle "CBM 147 Extra"]
[Source "ChessBase"]
[SourceDate "2012.04.24"]
[SourceVersion "1"]
[SourceVersionDate "2012.04.24"]
[SourceQuality "1"]

1. e4 c5 2. Nf3 e6 3. d4 cxd4 4. Nxd4 a6 5. c4 Nf6 6. Bd3 Be7 7. e5 Qa5+ 8. Nc3 Qxe5+ 9. Nde2 Nc6 10. 0-0 Qc7 11. h3 Ne5 12. b3 Nxd3 13. Qxd3 b6 14. Bf4 e5 15. Bh2 Bb7 16. f3 0-0 17. Rac1 Rfe8 18. Kh1 Rad8 19. a3 Bxa3 20. Rc2 Qb8 21. Qf5 d5 22. cxd5 Nxd5 23. Nxd5 Rxd5 24. Rc4 b5 25. Rh4 g6 26. Qb1 f5 27. b4 Qd8 28. Qb3 Qxh4 29. Qxa3 Qc4 30. Re1 Rd2 31. Nc1 e4 32. Nb3 Qc3 33. Qc1 Qxc1 34. Rxc1 exf3 35. Nxd2 fxg2+ 36. Kg1 Re2 37. Bf4 Bd5 38. h4 Kg7 0-1

[Event "SRB-chT3 South"]
[Site "Nis"]
[Date "2008.10.25"]
[Round "9"]
[White "Savic, Nebojsa"]
[Black "Jovanovic, Dragan"]
[Result "0-1"]
[WhiteElo "2090"]
[BlackElo "2097"]
[PlyCount "51"]
[EventDate "2008.09.14"]
[EventType "team"]
[EventRounds "11"]
[EventCountry "SRB"]
[SourceTitle "EXT 2012"]
[Source "ChessBase"]
[SourceDate "2011.11.24"]
[SourceVersion "1"]
[SourceVersionDate "2011.11.24"]
[SourceQuality "1"]

1. e4 e5 2. Nc3 Nf6 3. Bc4 Nc6 4. a3 Be7 5. d3 0-0 6. f4 exf4 7. Bxf4 d6 8. Nf3 Bg4 9. h3 Be6 10. Nd5 Nh5 11. Bh2 Bh4+ 12. Kd2 Bg5+ 13. Kc3 Bf6+ 14. d4 g6 15. g4 Ng7 16. Kd3 Na5 17. Ba2 b5 18. Nxf6+ Qxf6 19. d5 Bd7 20. e5 dxe5 21. Bxe5 Qb6 22. b4 Nb7 23. Qd2 c5 24. dxc6 Bf5+ 25. gxf5 Rad8+ 26. Bd4 0-1